Statistics for Berserk (manga) quiz

Click here to take the quiz!

General Stats

  • This quiz has been taken 603 times
  • The average score is 15 of 29

Answer Stats

Hintname% Correct
guts' lovercasca
97%
leader of the band of the hawkgriffith
94%
griffith's boyfriendGuts
86%
comic relief elfPuck
79%
band of the hawk member. little blond kidrickert
72%
band of the hawk member. big black dudepippin
69%
band of the hawk member. throws knivesjudeau
67%
guts' sword namedragonslayer
64%
newest god hand memberfemto
64%
apostle that fought guts and griffithnosferatu zodd
64%
was a holy see; follows guts in his journeyfarnese
62%
Guts' father figuregambino
61%
follows guts because he follows the person mentioned aboveserpico
61%
creature that gives appears, gives guts advice, and disappearsskull knight
58%
meets guts later in the story and aspires to be like himisidro
55%
god hand member with big brainvoid
55%
sexy god hand memberslan
48%
Guts' first one night standdonovan
42%
little witch that accompanies gutsschierke
42%
kushan's kingganishka
41%
band of the hawk member. looked up to gutsgaston
37%
baby face god hand memberconrad
35%
god hand member with shadesubik
30%
dude that prostrates and bangs his head on the floor HARDmozgus
28%
elf that accompanies little witchivalera
24%
wants to marry holy-see girlroderick
22%
rickert's sistererika
20%
brother of the holy-see girlMagnifico
14%
band of the hawk member. dislikes gutscrocus
12%

Score Distribution

Percentile by Number Answered

Percent of People with Each Score

Your Score History

You have not taken this quiz